[Event "LAT-ch"]
[Site "Riga"]
[Date "2021.09.20"]
[Round "5"]
[White "Jankovskis, Guntis"]
[Black "Starostits, Ilmars"]
[Result "0-1"]
[WhiteElo "2260"]
[BlackElo "2428"]
[PlyCount "44"]
[EventDate "2021.09.17"]
[EventType "swiss"]
[EventRounds "8"]
[EventCountry "LAT"]
[SourceTitle "EXT 2022"]
[Source "ChessBase"]
[SourceDate "2021.10.06"]
[SourceVersion "1"]
[SourceVersionDate "2021.10.06"]
[SourceQuality "1"]

1. d4 Nf6 2. c4 g6 3. f3 c5 4. d5 Bg7 5. e4 d6 6. Ne2 0-0 7. Nec3 a6 8. a4 e5 9. Bg5 h6 10. Bh4 Qe8 11. g4 Nbd7 12. Nd2 Nh7 13. Bd3 f5 14. exf5 e4 15. Bxe4 gxf5 16. gxf5 Ne5 17. Qe2 Bxf5 18. 0-0-0 b5 19. Rhg1 b4 20. Ncb1 Bxe4 21. Qxe4 Rf4 22. Rxg7+ Kxg7 0-1

[Event "LAT-ch"]
[Site "Riga"]
[Date "2021.09.18"]
[Round "2"]
[White "Tolmacevs, Artjoms"]
[Black "Jankovskis, Guntis"]
[Result "1/2-1/2"]
[WhiteElo "2090"]
[BlackElo "2260"]
[PlyCount "62"]
[EventDate "2021.09.17"]
[EventType "swiss"]
[EventRounds "8"]
[EventCountry "LAT"]
[SourceTitle "EXT 2022"]
[Source "ChessBase"]
[SourceDate "2021.10.06"]
[SourceVersion "1"]
[SourceVersionDate "2021.10.06"]
[SourceQuality "1"]

1. e4 c5 2. Nf3 e6 3. d4 cxd4 4. Nxd4 Nc6 5. Nc3 Qc7 6. g3 d6 7. Bg2 Bd7 8. Ndb5 Qb8 9. 0-0 a6 10. Nd4 Nf6 11. Be3 Be7 12. f4 Qc7 13. f5 Nxd4 14. Bxd4 e5 15. Be3 Bc6 16. a4 b6 17. Qe2 h6 18. g4 Qb7 19. Bf2 b5 20. axb5 axb5 21. Rxa8+ Qxa8 22. Nxb5 0-0 23. Nc3 Rb8 24. b3 Qa5 25. Qc4 Bd7 26. Nd5 Nxd5 27. Qxd5 Qc3 28. Rc1 Bg5 29. Rd1 Qxc2 30. Qxd6 Rxb3 31. Qxd7 Rb2 1/2-1/2

[Event "LAT-ch"]
[Site "Riga"]
[Date "2019.05.04"]
[Round "8"]
[White "Krustkalns, Kristaps"]
[Black "Jankovskis, Guntis"]
[Result "1/2-1/2"]
[WhiteElo "2175"]
[BlackElo "2291"]
[PlyCount "79"]
[EventDate "2019.04.29"]
[EventType "swiss"]
[EventRounds "9"]
[EventCountry "LAT"]
[SourceTitle "CBM 190 Extra"]
[Source "ChessBase"]
[SourceDate "2019.07.15"]
[SourceVersion "1"]
[SourceVersionDate "2019.07.15"]
[SourceQuality "1"]

1. e4 d6 2. d4 Nf6 3. Nc3 e5 4. Nf3 Nbd7 5. g4 Nxg4 6. Rg1 Ngf6 7. Be3 c6 8. Qd2 b5 9. a3 a6 10. 0-0-0 Bb7 11. Bh3 Qc7 12. Nh4 a5 13. Bxd7+ Nxd7 14. f4 b4 15. Nb1 0-0-0 16. axb4 axb4 17. Qxb4 g6 18. fxe5 dxe5 19. Qb3 exd4 20. Bxd4 Bh6+ 21. Nd2 Ne5 22. Qc3 Rhe8 23. Kb1 c5 24. Be3 Bxe3 25. Qxe3 Rd4 26. Rde1 Kb8 27. Nhf3 Nxf3 28. Nxf3 Rdxe4 29. Qc3 Qf4 30. Rxe4 Qxe4 31. Re1 Qc6 32. Rxe8+ Qxe8 33. Ne5 Bd5 34. Nd3 Qe3 35. b3 Qg1+ 36. Ka2 Qd4 37. Qa5 c4 38. Qd8+ Ka7 39. Qd7+ Kb8 40. Qd8+ 1/2-1/2

[Event "LAT-ch"]
[Site "Riga"]
[Date "2019.05.03"]
[Round "6"]
[White "Bolsakovs, Vadims"]
[Black "Jankovskis, Guntis"]
[Result "1-0"]
[WhiteElo "2199"]
[BlackElo "2291"]
[PlyCount "117"]
[EventDate "2019.04.29"]
[EventType "swiss"]
[EventRounds "9"]
[EventCountry "LAT"]
[SourceTitle "CBM 190 Extra"]
[Source "ChessBase"]
[SourceDate "2019.07.15"]
[SourceVersion "1"]
[SourceVersionDate "2019.07.15"]
[SourceQuality "1"]

1. d4 e6 2. c4 Bb4+ 3. Nc3 f5 4. Qb3 a5 5. g3 Nf6 6. Bg2 Nc6 7. e3 a4 8. Qc2 a3 9. Nge2 axb2 10. Bxb2 0-0 11. 0-0 Qe7 12. d5 Nb8 13. e4 fxe4 14. Nxe4 Na6 15. Nf4 Nc5 16. Ng5 Ra6 17. a3 Ba5 18. Rad1 e5 19. d6 Rxd6 20. Nd5 Rxd5 21. Bxd5+ Kh8 22. f4 d6 23. fxe5 dxe5 24. Nf7+ Rxf7 25. Bxf7 c6 26. Rxf6 gxf6 27. Bh5 Be6 28. Qe2 Bb6 29. Kh1 Bf5 30. Bg4 Be4+ 31. Bf3 Bg6 32. h4 Qe6 33. Kh2 Bf7 34. Qd2 Qxc4 35. Qh6 Kg8 36. Rd2 Qe6 37. Bg2 Bg6 38. h5 Bf5 39. Bc3 Ne4 40. Bb4 c5 41. g4 cxb4 42. gxf5 Qxf5 43. Bh3 Qf4+ 44. Qxf4 exf4 45. Rb2 Bc5 46. axb4 Bd6 47. Kg2 Ng5 48. Bg4 b6 49. b5 f5 50. Bxf5 f3+ 51. Kf1 Kf7 52. Rc2 Kf6 53. Rc6 Ke5 54. Rxb6 Bb4 55. Bb1 Ne6 56. Bxh7 Nd4 57. Bd3 Bc5 58. h6 Nb3 59. h7 1-0

[Event "LAT-ch"]
[Site "Riga"]
[Date "2019.05.02"]
[Round "5"]
[White "Jankovskis, Guntis"]
[Black "Mierins, Eriks"]
[Result "1/2-1/2"]
[WhiteElo "2291"]
[BlackElo "2210"]
[PlyCount "81"]
[EventDate "2019.04.29"]
[EventType "swiss"]
[EventRounds "9"]
[EventCountry "LAT"]
[SourceTitle "CBM 190 Extra"]
[Source "ChessBase"]
[SourceDate "2019.07.15"]
[SourceVersion "1"]
[SourceVersionDate "2019.07.15"]
[SourceQuality "1"]

1. Nf3 d5 2. d4 Nf6 3. c4 c6 4. cxd5 cxd5 5. Nc3 Nc6 6. Bf4 e6 7. e3 Be7 8. Bd3 0-0 9. Rc1 Bd7 10. h3 Rc8 11. 0-0 Nh5 12. Bh2 f5 13. a3 Nf6 14. Na4 Ne4 15. Nc5 Nxc5 16. dxc5 Be8 17. Qd2 Bh5 18. Nd4 Nxd4 19. exd4 Bg5 20. Bf4 h6 21. Rfe1 Qf6 22. Re5 Bxf4 23. Qxf4 g5 24. Qd2 Bf7 25. b4 Kg7 26. Bb1 h5 27. Rc3 Rh8 28. Rg3 g4 29. Qf4 Qh6 30. Qxh6+ Rxh6 31. Rc3 Be8 32. f4 Kf6 33. h4 Bb5 34. Re1 Rhh8 35. Rec1 a5 36. Bd3 axb4 37. axb4 Bxd3 38. Rxd3 Ra8 39. Rc2 Ra4 40. Rb2 Rha8 41. b5 1/2-1/2

[Event "LAT-ch"]
[Site "Riga"]
[Date "2018.05.06"]
[Round "9"]
[White "Jankovskis, Guntis"]
[Black "Krivonosov, Oleg"]
[Result "0-1"]
[WhiteElo "2306"]
[BlackElo "2413"]
[PlyCount "30"]
[EventDate "2018.04.30"]
[EventType "swiss"]
[EventRounds "9"]
[EventCountry "LAT"]
[SourceTitle "CBM 184 Extra"]
[Source "ChessBase"]
[SourceDate "2018.06.28"]
[SourceVersion "1"]
[SourceVersionDate "2018.06.28"]
[SourceQuality "1"]

1. e4 e5 2. Nf3 Nc6 3. Bb5 Nf6 4. d3 Bc5 5. c3 d5 6. Nxe5 0-0 7. Nxc6 bxc6 8. Bxc6 Bxf2+ 9. Kxf2 Ng4+ 10. Kg1 Qf6 11. Qf3 Qxc6 12. exd5 Qb6+ 13. d4 Re8 14. Qd1 Qf6 15. Qd2 Ba6 0-1

[Event "Baltic zt"]
[Site "Liepaja"]
[Date "2017.06.18"]
[Round "4"]
[White "Krivonosov, Oleg"]
[Black "Jankovskis, Guntis"]
[Result "1/2-1/2"]
[WhiteElo "2426"]
[BlackElo "2310"]
[PlyCount "72"]
[EventDate "2017.06.16"]
[EventType "swiss"]
[EventRounds "9"]
[EventCountry "LAT"]
[SourceTitle "CBM 179 Extra"]
[Source "ChessBase"]
[SourceDate "2017.08.23"]
[SourceVersion "1"]
[SourceVersionDate "2017.08.23"]
[SourceQuality "1"]

1. Nf3 c5 2. c4 Nf6 3. Nc3 b6 4. g3 Bb7 5. Bg2 g6 6. d4 Ne4 7. Nxe4 Bxe4 8. Be3 Bg7 9. Qd2 Nc6 10. dxc5 bxc5 11. 0-0 d6 12. Bh6 0-0 13. Bxg7 Kxg7 14. Qe3 Bxf3 15. Qxf3 Rc8 16. Qc3+ Kg8 17. Bxc6 Rxc6 18. e4 Qc7 19. f4 Rb8 20. Rf2 a5 21. Re1 a4 22. Rd2 Rcb6 23. e5 dxe5 24. Rxe5 Rd6 25. Rxd6 exd6 26. Re2 Qd7 27. Qd3 Re8 28. Re5 Qd8 29. Rxe8+ Qxe8 30. Kf2 Qe6 31. b3 axb3 32. Qxb3 Qe4 33. a4 Qd4+ 34. Kf3 Qd2 35. h4 h5 36. Qb5 Qd3+ 1/2-1/2

[Event "Baltic zt"]
[Site "Liepaja"]
[Date "2017.06.16"]
[Round "1"]
[White "Jankovskis, Guntis"]
[Black "Kanep, Meelis"]
[Result "1/2-1/2"]
[WhiteElo "2310"]
[BlackElo "2451"]
[PlyCount "98"]
[EventDate "2017.06.16"]
[EventType "swiss"]
[EventRounds "9"]
[EventCountry "LAT"]
[SourceTitle "CBM 179 Extra"]
[Source "ChessBase"]
[SourceDate "2017.08.23"]
[SourceVersion "1"]
[SourceVersionDate "2017.08.23"]
[SourceQuality "1"]

1. Nf3 Nf6 2. c4 e6 3. Nc3 d5 4. d4 Bb4 5. cxd5 exd5 6. Qa4+ Nc6 7. Bg5 h6 8. Bxf6 Qxf6 9. e3 0-0 10. Be2 Be6 11. Rc1 a6 12. 0-0 Bd6 13. Qb3 Ne7 14. a4 g5 15. g3 h5 16. e4 dxe4 17. Nxe4 Qg6 18. Qe3 Bf4 19. Ne5 Qg7 20. Qa3 Nf5 21. gxf4 Nxd4 22. Qd3 Nxe2+ 23. Qxe2 gxf4+ 24. Kh1 Qxe5 25. Rg1+ Kh8 26. Rg5 Bg4 27. Qxg4 Qxe4+ 28. Qg2 Qxg2+ 29. Kxg2 Rg8 30. Rxg8+ Rxg8+ 31. Kf3 c6 32. Rd1 b5 33. axb5 cxb5 34. Rd7 Kg7 35. Ra7 Rc8 36. Rxa6 Rc2 37. b3 Rb2 38. Rb6 Rxb3+ 39. Kxf4 f6 40. Rb8 Kg6 41. Rg8+ Kf7 42. Rb8 Kg7 43. f3 Kf7 44. h4 Kg7 45. Ke4 Kg6 46. Rg8+ Kh6 47. Rh8+ Kg6 48. Rg8+ Kh7 49. Rb8 Kg6 1/2-1/2

[Event "LAT-ch"]
[Site "Riga"]
[Date "2017.05.05"]
[Round "8"]
[White "Jankovskis, Guntis"]
[Black "Mustaps, Matiss"]
[Result "1-0"]
[WhiteElo "2266"]
[BlackElo "2302"]
[PlyCount "38"]
[EventDate "2017.04.30"]
[EventType "swiss"]
[EventRounds "9"]
[EventCountry "LAT"]
[SourceTitle "CBM 178 Extra"]
[Source "ChessBase"]
[SourceDate "2017.06.22"]
[SourceVersion "1"]
[SourceVersionDate "2017.06.22"]
[SourceQuality "1"]

1. d4 Nf6 2. c4 g6 3. Nc3 Bg7 4. Bg5 d6 5. e3 0-0 6. Nf3 Nbd7 7. Be2 c6 8. Nd2 a6 9. 0-0 e6 10. Qc2 Qe7 11. Rfd1 b6 12. Rab1 c5 13. dxc5 dxc5 14. Nde4 h6 15. Bh4 Ne5 16. f4 Nc6 17. Bf3 Bb7 18. Bxf6 Bxf6 19. Rd7 Rad8 1-0

[Event "LAT-ch"]
[Site "Riga"]
[Date "2017.04.30"]
[Round "1"]
[White "Avotins, Maigonis"]
[Black "Jankovskis, Guntis"]
[Result "0-1"]
[WhiteElo "1972"]
[BlackElo "2266"]
[PlyCount "104"]
[EventDate "2017.04.30"]
[EventType "swiss"]
[EventRounds "9"]
[EventCountry "LAT"]
[SourceTitle "CBM 178 Extra"]
[Source "ChessBase"]
[SourceDate "2017.06.22"]
[SourceVersion "1"]
[SourceVersionDate "2017.06.22"]
[SourceQuality "1"]

1. e4 c5 2. Nf3 e6 3. d4 cxd4 4. Nxd4 a6 5. Nc3 Qc7 6. Be3 Nf6 7. f3 Bb4 8. Qd3 d5 9. a3 dxe4 10. fxe4 Bxc3+ 11. bxc3 Nbd7 12. Nf3 b6 13. e5 Nxe5 14. Nxe5 Qxe5 15. 0-0-0 0-0 16. Qd4 Qxd4 17. Bxd4 Nd7 18. Be2 Ra7 19. Rhe1 Rc7 20. Rd3 Bb7 21. Rg3 e5 22. Be3 f6 23. Kb2 Nc5 24. Bc4+ Kh8 25. Bxc5 Rxc5 26. Bb3 Rd8 27. Re2 e4 28. Rge3 f5 29. g3 g6 30. Rf2 Rc6 31. g4 Rf6 32. Rf4 Kg7 33. gxf5 Rxf5 34. Rh4 Rd2 35. Rhxe4 Bxe4 36. Rxe4 Rxh2 37. Re7+ Kh6 38. Re6 Kg5 39. Rxb6 a5 40. a4 Kf4 41. Rb5 g5 42. Be6 Re5 43. Bd7 Rd2 44. Bc8 Rd8 45. Bb7 Rxb5+ 46. axb5 Rb8 47. Bc6 Ke5 48. Ka3 Kd6 49. Ka4 Kc5 50. Kxa5 g4 51. Ka6 Rb6+ 52. Ka5 Rxc6 0-1

[Event "LAT-ch"]
[Site "Riga"]
[Date "2016.05.01"]
[Round "2"]
[White "Jankovskis, Guntis"]
[Black "Miezis, Normunds"]
[Result "1/2-1/2"]
[WhiteElo "2296"]
[BlackElo "2506"]
[PlyCount "87"]
[EventDate "2016.04.30"]
[EventType "swiss"]
[EventRounds "9"]
[EventCountry "LAT"]
[SourceTitle "CBM 172 Extra"]
[Source "ChessBase"]
[SourceDate "2016.06.21"]
[SourceVersion "1"]
[SourceVersionDate "2016.06.21"]
[SourceQuality "1"]

1. e4 c5 2. Nf3 e6 3. d4 cxd4 4. Nxd4 a6 5. Bd3 Nc6 6. Nxc6 dxc6 7. Nd2 Qc7 8. a4 Nf6 9. Qe2 e5 10. Nc4 Be6 11. 0-0 Bc5 12. Bg5 Nd7 13. a5 0-0 14. c3 Rfe8 15. Rfd1 h6 16. Be3 Rad8 17. Qf3 Bf8 18. Bf1 c5 19. Qg3 Nf6 20. Rxd8 Qxd8 21. f3 Nh5 22. Qf2 Qc7 23. Rd1 Nf4 24. Qd2 Be7 25. Qc1 g5 26. Qc2 Kg7 27. Qb3 Rd8 28. Rxd8 Bxd8 29. Qb6 Qxb6 30. Nxb6 Bxb6 31. axb6 c4 32. Bc5 f6 33. Ba3 a5 34. Kf2 a4 35. Ke3 Kf7 36. g3 Ng6 37. Be2 Ke8 38. Bb4 h5 39. Ba3 h4 40. Bb4 hxg3 41. hxg3 Kf7 42. Ba3 Ke8 43. Bb4 Kf7 44. Ba3 1/2-1/2

[Event "LAT-ch"]
[Site "Riga"]
[Date "2016.05.01"]
[Round "3"]
[White "Jankovskis, Guntis"]
[Black "Neiksans, Arturs"]
[Result "1/2-1/2"]
[WhiteElo "2296"]
[BlackElo "2622"]
[PlyCount "124"]
[EventDate "2016.04.30"]
[EventType "swiss"]
[EventRounds "9"]
[EventCountry "LAT"]
[SourceTitle "CBM 172 Extra"]
[Source "ChessBase"]
[SourceDate "2016.06.21"]
[SourceVersion "1"]
[SourceVersionDate "2016.06.21"]
[SourceQuality "1"]

1. e4 c5 2. Nc3 e6 3. Nf3 Nc6 4. Bb5 Nd4 5. 0-0 Nxb5 6. Nxb5 a6 7. Nc3 Ne7 8. d4 cxd4 9. Qxd4 Nc6 10. Qd3 Be7 11. Bf4 d6 12. Rad1 e5 13. Be3 Be6 14. Nd5 Bxd5 15. Qxd5 0-0 16. a3 Qc7 17. b4 Rac8 18. c4 Nb8 19. Rc1 Nd7 20. Rfd1 Nf6 21. Qd3 Rfd8 22. h3 h6 23. Nh4 Bf8 24. Nf5 Kh7 25. g4 g6 26. Ng3 Qc6 27. Kg2 b5 28. cxb5 Qxb5 29. Qxb5 axb5 30. g5 hxg5 31. Bxg5 Kg7 32. Ne2 Rxc1 33. Rxc1 Ra8 34. Bxf6+ Kxf6 35. Rc3 Ke6 36. Rd3 f5 37. f3 Be7 38. Kf2 Kd7 39. Rb3 Rh8 40. Kg2 Rh4 41. Nc3 Bd8 42. Rb2 fxe4 43. fxe4 Bb6 44. Re2 Kc6 45. Nd5 g5 46. Ne7+ Kd7 47. Nd5 Bd4 48. Kg3 Kc6 49. Rc2+ Kb7 50. Re2 Rh8 51. Kg4 Rh4+ 52. Kg3 Kc6 53. Rc2+ Kb7 54. Re2 Bb6 55. Re1 Ba7 56. Re2 Bd4 57. Ne7 Rf4 58. Nd5 Rh4 59. Ne7 Kc7 60. Nd5+ Kb7 61. Ne7 Rf4 62. Nd5 Rh4 1/2-1/2

[Event "Riga op"]
[Site "Riga"]
[Date "2004.08.17"]
[Round "4"]
[White "Rychagov, Mikhail"]
[Black "Jankovskis, Guntis"]
[Result "1-0"]
[WhiteElo "2461"]
[BlackElo "2349"]
[PlyCount "111"]
[EventDate "2004.08.15"]
[EventType "swiss"]
[EventRounds "9"]
[EventCountry "LAT"]
[SourceTitle "CBM 101 Extra"]
[Source "ChessBase"]
[SourceDate "2004.09.01"]
[SourceVersion "2"]
[SourceVersionDate "2004.09.01"]
[SourceQuality "1"]

1. e4 d6 2. d4 Nf6 3. Nc3 e5 4. Nf3 Nbd7 5. Bc4 Be7 6. 0-0 0-0 7. Re1 c6 8. a4 b6 9. d5 c5 10. a5 bxa5 11. Nd2 Nb6 12. Bb5 a6 13. Bc6 Rb8 14. Nb3 a4 15. Nxa4 Nxa4 16. Rxa4 Nd7 17. Na5 Nb6 18. Ra3 Qc7 19. f4 exf4 20. Bxf4 Nd7 21. Nc4 f6 22. Rg3 Ne5 23. Nxe5 fxe5 24. Bh6 Bf6 25. Rf1 Qe7 26. b3 Rf7 27. h3 Rb4 28. c4 Kh8 29. Bd2 Rb8 30. Rgf3 Bd7 31. g4 h6 32. Bxd7 Qxd7 33. Bxh6 Rbf8 34. Bd2 Bd8 35. Kg2 g6 36. Bh6 Rxf3 37. Rxf3 Rxf3 38. Qxf3 Kh7 39. Bd2 a5 40. Qf8 a4 41. bxa4 Bg5 42. Be1 Qxa4 43. Qf7+ Kh6 44. h4 Bf4 45. Bg3 Bxg3 46. Kxg3 Qb3+ 47. Qf3 Qc2 48. g5+ Kg7 49. Qf6+ Kh7 50. Qf7+ Kh8 51. Qf8+ Kh7 52. Qh6+ Kg8 53. Qxg6+ Kf8 54. Qf6+ Kg8 55. Qg6+ Kh8 56. Qf5 1-0

[Event "Oberliga NRW 9596a"]
[Site "Germany"]
[Date "1995.??.??"]
[Round "?"]
[White "Trommsdorf, Fro"]
[Black "Jankovskis, Guntis"]
[Result "0-1"]
[WhiteElo "2165"]
[BlackElo "2340"]
[PlyCount "66"]
[EventDate "1995.10.??"]
[EventType "team"]
[EventRounds "9"]
[EventCountry "GER"]
[SourceTitle "EXT 2002"]
[Source "ChessBase"]
[SourceDate "2001.11.25"]
[SourceVersion "1"]
[SourceVersionDate "2001.11.25"]
[SourceQuality "1"]

1. d4 Nf6 2. Bg5 c5 3. d5 Qb6 4. Nc3 Qxb2 5. Bd2 Qb6 6. e4 d6 7. Be2 e5 8. Nf3 Be7 9. 0-0 0-0 10. a4 Qd8 11. Re1 Ne8 12. Be3 g6 13. Nd2 Bg5 14. Nc4 Bxe3 15. fxe3 Nd7 16. a5 Ndf6 17. Bf3 Ng7 18. Nb5 Nfe8 19. Qb1 f5 20. Qb3 Qe7 21. Rf1 h5 22. c3 g5 23. exf5 Bxf5 24. Be2 a6 25. Nba3 Nf6 26. Rad1 Rad8 27. Nb6 Qf7 28. Qc4 Qg6 29. Bd3 Bxd3 30. Rxd3 Ne4 31. Rdd1 Rxf1+ 32. Qxf1 Nxc3 33. Rc1 Rf8 0-1

[Event "Goch op 05th"]
[Site "Goch"]
[Date "1994.??.??"]
[Round "6"]
[White "Jankovskis, Guntis"]
[Black "Polzin, Rainer"]
[Result "0-1"]
[WhiteElo "2330"]
[BlackElo "2395"]
[PlyCount "91"]
[EventDate "1994.10.??"]
[EventType "swiss"]
[EventRounds "7"]
[EventCountry "GER"]
[SourceTitle "EXT 1998"]
[Source "ChessBase"]
[SourceDate "1997.11.17"]
[SourceVersion "1"]
[SourceVersionDate "1997.11.17"]
[SourceQuality "1"]

1. e4 g6 2. d4 Bg7 3. Nc3 d6 4. f4 Nd7 5. Nf3 a6 6. a4 e6 7. Bd3 Ne7 8. 0-0 c5 9. dxc5 Nxc5 10. Qe1 0-0 11. Be3 f5 12. Bxc5 dxc5 13. e5 Nd5 14. g3 Nb4 15. Qe2 Nxd3 16. Qxd3 Qxd3 17. cxd3 Rd8 18. Rfd1 Bf8 19. a5 Bd7 20. Na4 Bxa4 21. Rxa4 Rd5 22. Kf2 Be7 23. h4 Rad8 24. Ke2 h6 25. Rc4 R8d7 26. d4 Kf7 27. Rd2 cxd4 28. Rdxd4 Rxd4 29. Nxd4 g5 30. hxg5 hxg5 31. b4 g4 32. Kd3 Bf8 33. Kc3 Be7 34. Nb3 Rd1 35. Rc7 Rg1 36. Nd4 Rxg3+ 37. Kd2 Rg2+ 38. Ne2 Rf2 39. Rxb7 Rf3 40. Nd4 Rxf4 41. Nc6 g3 42. Ke3 g2 43. Kxf4 g1Q 44. Rxe7+ Kf8 45. Rxe6 Qg4+ 46. Ke3 0-1